| Tag |
First Indicator |
Second Indicator |
Subfields |
| LEADER |
00000cam a2200000 a 4500 |
| 001 |
in00000075862 |
| 005 |
20151008054903.0 |
| 008 |
810202s1979 xx 10010 eng d |
| 035 |
|
|
|a (OCoLC)07098677
|
| 035 |
|
|
|9 AAJ1965AM
|
| 040 |
|
|
|a CUZ
|c CUZ
|d TXA
|d UtOrBLW
|
| 043 |
|
|
|a a-ii---
|a n-us---
|
| 049 |
|
|
|a TXAM
|c [1481884]
|
| 090 |
|
|
|a Q172.5.I5
|b I52 1979
|
| 111 |
2 |
|
|a Indo-U.S. Business-Government Seminar on Science and Technology
|d (1979 :
|c New Delhi, India)
|
| 245 |
1 |
0 |
|a Indo-U.S. cooperation in science and technology for development : business and government :
|b seminar report, July 13-14, 1979, New Delhi /
|c edited by Robert E. Driscoll, Alice S. Boggs.
|
| 264 |
|
1 |
|a [Place of publication not identified] :
|b Fund for Multinational Management Education,
|c [1979?]
|
| 300 |
|
|
|a 55 pages in various pagings ;
|c 28 cm.
|
| 336 |
|
|
|a text
|b txt
|2 rdacontent
|
| 337 |
|
|
|a unmediated
|b n
|2 rdamedia
|
| 338 |
|
|
|a volume
|b nc
|2 rdacarrier
|
| 500 |
|
|
|a "Summarizes the discussions ... at the Indo-U.S. Business-Government Seminar on Science and Technology."
|
| 650 |
|
0 |
|a Science
|x International cooperation
|v Congresses.
|
| 650 |
|
0 |
|a Technology
|x International cooperation
|v Congresses.
|
| 651 |
|
0 |
|a India
|x Relations
|z United States
|x Congresses.
|
| 651 |
|
0 |
|a United States
|x Relations
|z India
|x Congresses.
|
| 700 |
1 |
|
|a Driscoll, Robert E.
|
| 700 |
1 |
|
|a Boggs, Alice S.
|
| 710 |
2 |
|
|a Fund for Multinational Management Education.
|
| 999 |
|
|
|a MARS
|
| 999 |
f |
f |
|s 31ccfb2c-6497-34d9-80e6-27121e1bb409
|i 78ce006b-9647-3a2b-8240-841fedecc7be
|t 0
|
| 952 |
f |
f |
|p ric
|a Texas A&M University
|b Rellis Campus
|c Joint Library Facility
|d Remote Storage
|t 0
|e Q172.5.I5 I52 1979
|h Library of Congress classification
|i unmediated -- volume
|m A14806199278
|
| 998 |
f |
f |
|a Q172.5.I5 I52 1979
|t 0
|l Remote Storage
|